A pamphlet entitled Two songs. ... Four epitaphs.

Bibliographic Details
Main Author: Nobody, Mr.
Format: eBook
Language:English
Series:Eighteenth century collections online.
Online Access:Full text online

MARC

Tag First Indicator Second Indicator Subfields
LEADER 00000cam a2200000 4500
001 in00001908229
006 m | d |
007 cr |n||||||||n
008 810811s1797 enk|||| s 00| ||eng d
005 20260414193308.6
035 |a (CStRLIN)ESTCT127548 
040 |a Uk-ES  |c Uk-ES  |d CStRLIN  |d Thomson Gale  |d UtOrBLW 
100 1 |a Nobody, Mr. 
245 1 2 |a A pamphlet entitled Two songs. ... Four epitaphs. 
264 3 |a [London] :  |b Printed for and at the sole risque of the author: who? guess. Sold by B. Crosby, Stationers'-Court,  |c 1797. 
300 |a 2 unnumbered pages, 60p. ;  |c 8⁰. 
336 |a text  |b txt  |2 rdacontent 
337 |a computer  |b c  |2 rdamedia 
338 |a online resource  |b cr  |2 rdacarrier 
500 |a Half-title: 'Songs, epitaphs, addresses, &c. By the Honourable Mr. Nobody'. 
500 |a Reproduction of original from the British Library. 
510 4 |a English Short Title Catalog,  |c ESTCT127548. 
533 |a Electronic reproduction.  |b Farmington Hills, Mich. :  |c Thomson Gale,  |d 2003.  |n Available via the World Wide Web.  |n Access limited by licensing agreements  |7 s2003 miunns 
500 |a Electronic resource. 
830 0 |a Eighteenth century collections online. 
856 4 0 |u http://proxy.library.tamu.edu/login?url=https://galenet.galegroup.com/servlet/ECCO?c=1&stp=Author&ste=11&af=BN&ae=T127548&tiPG=1&dd=0&dc=flc&docNum=CW115603840&vrsn=1.0&srchtp=a&d4=0.33&n=10&SU=0LRK&locID=txshracd2898  |z Full text online  |t 0 
999 |a MARS 
999 f f |s 86bbf952-5582-3a5c-8e5c-d15d56025d06  |i ba092b48-f298-3370-b0da-068af1dc64a7  |t 0 
952 f f |a Texas A&M University  |b College Station  |c Electronic Resources  |s www_evans  |d Available Online  |t 0  |h No information provided 
998 f f |t 0  |l Available Online